Statistics for Name The Taylor Swift Song From Lyrics #1

Click here to take the quiz!

General Stats

  • This quiz has been taken 31 times
  • The average score is 8 of 15

Answer Stats

HintAnswer% Correct
"Who's Taylor Swift anyway? Ew"22
92%
Honey, I rose up from the dead, I do it all the timeLook What You Made Me Do
88%
You say you're fine, I know you better than thatYou Belong With Me
79%
Tangled up with you all nightWildest Dreams
71%
Ask me why so many fade, but I'm still hereKarma
63%
So, even in a different life, you still would've been mineTimeless
63%
"Do something, babe, say something"You're Losing Me
63%
You knew it still hurts underneath my scarsHoax
50%
We can follow the sparks, I'll driveI Think He Knows
50%
Yes, I'm doing betterClosure
46%
Did you think we'd be fine?Bad Blood
38%
Fix my heart, put on my make-upI Heart ?
21%
My secrets or my deepest fearsI'm Only Me When I'm With You
17%
And now you've come undone and I, I, I, ISweeter Than Fiction
13%
I'd go to the corner in the backThe Alcott
13%

Score Distribution

Percentile by Number Answered

Percent of People with Each Score

Your Score History

You have not taken this quiz